000 00747nam a22002177a 4500
999 _c63662
_d63662
005 20240530110652.0
008 171216s2015 ua g 000 f ara d
017 _a2015/26521
_bمصر. دار الكتب
020 _a9789777950312
040 _aEG-CaGPL
_cEG-CaGPL
082 0 4 _221
_a818.03\
_bأ ك
100 0 _aاشرف الخمايسي
245 1 0 _aكى اكون انسانا اجمل :
_cمشاهد من الحياة /
_bاشرف الخمايسي .
250 _aط.1
260 _aالقاهرة :
_bالدار المصرية اللبنانية ،
_c2016 .
300 _a159ص. ؛
_c20 سم.
650 0 7 _2qrmak
_aالقصص العربية
651 _2qrmak
942 _2ddc
_cBK